Nueva Reforma Tributaria -Ley 1607 de 2012-

Detalles Bibliográficos
Autor principal: Varn̤ Garca̕, Leonardo
Otros Autores: Dussan Salazar, William
Formato: eBook
Lenguaje:español
Publicado: Bogot:̀ Nueva Legislacin̤, 2013
Materias:
Acceso en línea:Acceso restringido

MARC

LEADER 00000nam a22000007a 4500
005 20131008163837.0
007 cr|||| ||||
008 131008s2013 co |||||s|||| 00||0 spa d
020 |a 978-958-8802-06-0 
035 |a 11523 
040 |a vLex 
090 |c 4516  |d 4516 
100 1 |a Varn̤ Garca̕, Leonardo 
245 1 0 |a Nueva Reforma Tributaria -Ley 1607 de 2012-  |h [Recurso electrn̤ico] /  |c Leonardo Varn̤ Garca̕, William Dussan Salazar  
256 |a Servicio en ln̕ea 
260 |a Bogot:̀  |b Nueva Legislacin̤,  |c 2013 
300 |a 1 recurso electrn̤ico 
506 1 |a Contenido solo disponible en los productos indicados  |d vLex Global  |d vLex Global (Academic Edition, excluding Law Schools)  |d vLex Global (U.S. Academic Edition, Law Schools)  |d vLex Global (U.S. Academic Edition, excluding Law Schools)  |d vLex Global (Academic Edition, Law Schools) 
650 0 4 |a Derecho fiscal  |e Legislacin̤  |z Colombia 
700 2 |a Dussan Salazar, William  
740 0 |a vLex Libros (Servicio en ln̕ea) 
856 4 0 |u http://vlex.com/source/nueva-reforma-tributaria-ley-1607-2012-11523  |z Acceso restringido 
942 |c BOOK 
999 0 |a Taxation--Law and legislation